[Event "DVM U12 2022"]
[Site "München GER"]
[Date "2022.12.27"]
[Round "1"]
[White "Cao, Yuanshu"]
[Black "Shen, Tingrui"]
[Result "0-1"]
[Termination "normal"]
[Board "1.1"]
[WhiteElo "1489"]
[BlackElo "1643"]
[WhiteClock "00:47:46"]
[BlackClock "01:00:03"]
[WhiteTeam "SchachAkademiePaderborn"]
[BlackTeam "TV Tegernsee"]
[PlyCount "84"]
[WhiteFideId "34640428"]
[BlackFideId "34603441"]
[EventCountry "GER"]
[EventRounds "7"]
[EventType "team-swiss"]
[EventDate "2022.12.26"]

1. d4 {[%clk 01:30:58]} {[%emt 00:00:01]} Nf6 {[%clk 01:30:45]} {[%emt
00:00:15]} 2. Nf3 {[%clk 01:31:17]} {[%emt 00:00:12]} g6 {[%clk 01:30:39]}
{[%emt 00:00:35]} 3. g3 {[%clk 01:31:41]} {[%emt 00:00:06]} Bg7 {[%clk
01:30:58]} {[%emt 00:00:11]} 4. Bg2 {[%clk 01:32:01]} {[%emt 00:00:10]} d6
{[%clk 01:30:47]} {[%emt 00:00:41]} 5. O-O {[%clk 01:32:19]} {[%emt 00:00:13]}
O-O {[%clk 01:30:40]} {[%emt 00:00:36]} 6. c4 {[%clk 01:32:00]} {[%emt
00:00:50]} Nbd7 {[%clk 01:30:11]} {[%emt 00:00:58]} 7. Nc3 {[%clk 01:31:48]}
{[%emt 00:00:43]} c6 {[%clk 01:24:37]} {[%emt 00:06:03]} 8. e4 {[%clk
01:30:30]} {[%emt 00:01:48]} e5 {[%clk 01:22:51]} {[%emt 00:02:16]} 9. dxe5
{[%clk 01:26:17]} {[%emt 00:04:42]} Nxe5 {[%clk 01:18:40]} {[%emt 00:04:42]}
10. Nxe5 {[%clk 01:25:00]} {[%emt 00:01:47]} dxe5 {[%clk 01:18:56]} {[%emt
00:00:14]} 11. Bg5 {[%clk 01:23:58]} {[%emt 00:01:33]} h6 {[%clk 01:18:18]}
{[%emt 00:01:08]} 12. Bxf6 {[%clk 01:22:45]} {[%emt 00:01:43]} Qxf6 {[%clk
01:16:44]} {[%emt 00:02:04]} 13. Rc1 {[%clk 01:20:08]} {[%emt 00:03:07]} Be6
{[%clk 01:15:49]} {[%emt 00:01:23]} 14. Qe2 {[%clk 01:20:14]} {[%emt 00:00:25]}
Rfd8 {[%clk 01:14:01]} {[%emt 00:02:18]} 15. Rfd1 {[%clk 01:20:16]} {[%emt
00:00:28]} Rd4 {[%clk 01:10:37]} {[%emt 00:03:53]} 16. b3 {[%clk 01:17:03]}
{[%emt 00:03:44]} Rad8 {[%clk 01:09:40]} {[%emt 00:01:27]} 17. Qb2 {[%clk
01:13:00]} {[%emt 00:04:33]} Bf8 {[%clk 01:06:45]} {[%emt 00:03:24]} 18. Rxd4
{[%clk 01:12:12]} {[%emt 00:01:18]} exd4 {[%clk 01:06:29]} {[%emt 00:00:46]}
19. Ne2 {[%clk 01:11:41]} {[%emt 00:01:01]} g5 {[%clk 01:00:37]} {[%emt
00:06:21]} 20. Rd1 {[%clk 01:10:17]} {[%emt 00:01:55]} Bg7 {[%clk 01:00:38]}
{[%emt 00:00:29]} 21. Qc2 {[%clk 01:09:25]} {[%emt 00:01:22]} d3 {[%clk
00:58:11]} {[%emt 00:02:57]} 22. Rxd3 {[%clk 01:05:00]} {[%emt 00:04:55]} Rxd3
{[%clk 00:58:28]} {[%emt 00:00:12]} 23. Qxd3 {[%clk 01:04:44]} {[%emt
00:00:45]} Qa1 {[%clk 00:58:50]} {[%emt 00:00:09]} 24. Bf1 {[%clk 01:04:54]}
{[%emt 00:00:20]} Bh3 {[%clk 00:59:10]} {[%emt 00:00:10]} 25. Nf4 {[%clk
01:00:36]} {[%emt 00:04:48]} gxf4 {[%clk 00:59:07]} {[%emt 00:00:32]} 26. gxf4
{[%clk 01:00:52]} {[%emt 00:00:14]} Qxf1 {[%clk 00:59:19]} {[%emt 00:00:18]}
27. Qxf1 {[%clk 01:01:04]} {[%emt 00:00:18]} Bxf1 {[%clk 00:59:44]} {[%emt
00:00:05]} 28. Kxf1 {[%clk 01:01:29]} {[%emt 00:00:06]} Kf8 {[%clk 00:59:53]}
{[%emt 00:00:22]} 29. Kg2 {[%clk 01:01:42]} {[%emt 00:00:17]} Ke7 {[%clk
01:00:10]} {[%emt 00:00:12]} 30. Kg3 {[%clk 01:01:57]} {[%emt 00:00:16]} Bd4
{[%clk 01:00:17]} {[%emt 00:00:22]} 31. f3 {[%clk 01:01:58]} {[%emt 00:00:30]}
f5 {[%clk 01:00:01]} {[%emt 00:00:46]} 32. Kh4 {[%clk 00:59:53]} {[%emt
00:02:36]} Be3 {[%clk 00:59:24]} {[%emt 00:01:07]} 33. Kg3 {[%clk 00:59:56]}
{[%emt 00:00:26]} h5 {[%clk 00:58:51]} {[%emt 00:01:03]} 34. h3 {[%clk
00:59:25]} {[%emt 00:01:02]} Ke6 {[%clk 00:58:26]} {[%emt 00:00:54]} 35. h4
{[%clk 00:54:55]} {[%emt 00:05:00]} Kf7 {[%clk 00:58:43]} {[%emt 00:00:12]} 36.
b4 {[%clk 00:53:18]} {[%emt 00:02:07]} b5 {[%clk 00:58:37]} {[%emt 00:00:36]}
37. c5 {[%clk 00:52:35]} {[%emt 00:01:14]} Bd2 {[%clk 00:58:59]} {[%emt
00:00:08]} 38. e5 {[%clk 00:49:06]} {[%emt 00:03:59]} Bxb4 {[%clk 00:59:10]}
{[%emt 00:00:18]} 39. Kf2 {[%clk 00:49:09]} {[%emt 00:00:27]} Bd2 {[%clk
00:59:22]} {[%emt 00:00:18]} 40. Kg3 {[%clk 00:49:17]} {[%emt 00:00:21]} Be3
{[%clk 00:59:42]} {[%emt 00:00:10]} 41. Kg2 {[%clk 00:48:01]} {[%emt 00:01:46]}
Bxc5 {[%clk 00:59:46]} {[%emt 00:00:24]} 42. Kh3 {[%clk 00:47:46]} {[%emt
00:00:46]} Be3 {[%clk 01:00:03]} {[%emt 00:00:13]} 0-1

[Event "DVM U12 2022"]
[Site "München GER"]
[Date "2022.12.27"]
[Round "1"]
[White "Limmer, Marco"]
[Black "Vesszö, Aaron"]
[Result "1-0"]
[Termination "normal"]
[Board "1.2"]
[WhiteElo "1843"]
[BlackElo "1369"]
[WhiteClock "01:21:42"]
[BlackClock "00:30:20"]
[WhiteTeam "TV Tegernsee"]
[BlackTeam "SchachAkademiePaderborn"]
[PlyCount "107"]
[WhiteFideId "34603506"]
[BlackFideId "34619631"]
[EventCountry "GER"]
[EventRounds "7"]
[EventType "team-swiss"]
[EventDate "2022.12.26"]

1. e4 {[%clk 01:30:58]} {[%emt 00:00:01]} e6 {[%clk 01:30:42]} {[%emt
00:00:18]} 2. d3 {[%clk 01:31:23]} {[%emt 00:00:05]} d5 {[%clk 01:29:08]}
{[%emt 00:02:04]} 3. Nd2 {[%clk 01:31:46]} {[%emt 00:00:07]} dxe4 {[%clk
01:21:23]} {[%emt 00:08:14]} 4. dxe4 {[%clk 01:31:56]} {[%emt 00:00:21]} c5
{[%clk 01:13:37]} {[%emt 00:08:16]} 5. Ngf3 {[%clk 01:31:06]} {[%emt 00:01:20]}
Nc6 {[%clk 01:13:02]} {[%emt 00:01:05]} 6. Bb5 {[%clk 01:30:01]} {[%emt
00:01:35]} Bd7 {[%clk 01:10:21]} {[%emt 00:03:11]} 7. O-O {[%clk 01:28:57]}
{[%emt 00:01:33]} a6 {[%clk 01:08:35]} {[%emt 00:02:17]} 8. Bxc6 {[%clk
01:26:27]} {[%emt 00:03:00]} Bxc6 {[%clk 01:08:53]} {[%emt 00:00:13]} 9. Ne5
{[%clk 01:26:27]} {[%emt 00:00:30]} Qc7 {[%clk 00:52:14]} {[%emt 00:17:09]} 10.
Nxc6 {[%clk 01:24:36]} {[%emt 00:02:21]} bxc6 {[%clk 00:52:09]} {[%emt
00:00:35]} 11. Nf3 {[%clk 01:23:54]} {[%emt 00:01:12]} Bd6 {[%clk 00:45:29]}
{[%emt 00:07:11]} 12. Qe2 {[%clk 01:22:49]} {[%emt 00:01:36]} e5 {[%clk
00:44:49]} {[%emt 00:01:09]} 13. Rd1 {[%clk 01:21:29]} {[%emt 00:01:50]} h6
{[%clk 00:44:29]} {[%emt 00:00:51]} 14. b3 {[%clk 01:20:43]} {[%emt 00:01:16]}
Ne7 {[%clk 00:38:16]} {[%emt 00:06:42]} 15. Nd2 {[%clk 01:19:47]} {[%emt
00:01:26]} Ng6 {[%clk 00:38:21]} {[%emt 00:00:25]} 16. g3 {[%clk 01:17:56]}
{[%emt 00:02:21]} O-O {[%clk 00:37:54]} {[%emt 00:00:58]} 17. Bb2 {[%clk
01:17:11]} {[%emt 00:01:14]} Rfe8 {[%clk 00:35:58]} {[%emt 00:02:25]} 18. Nc4
{[%clk 01:16:04]} {[%emt 00:01:37]} Be7 {[%clk 00:35:53]} {[%emt 00:00:35]} 19.
Rd2 {[%clk 01:14:59]} {[%emt 00:01:34]} f6 {[%clk 00:33:45]} {[%emt 00:02:38]}
20. Rad1 {[%clk 01:14:26]} {[%emt 00:01:03]} Red8 {[%clk 00:33:07]} {[%emt
00:01:08]} 21. Qg4 {[%clk 01:11:00]} {[%emt 00:03:55]} Nf8 {[%clk 00:32:53]}
{[%emt 00:00:45]} 22. Ne3 {[%clk 01:10:39]} {[%emt 00:00:51]} g6 {[%clk
00:29:33]} {[%emt 00:03:50]} 23. f4 {[%clk 01:05:47]} {[%emt 00:05:22]} Rxd2
{[%clk 00:29:04]} {[%emt 00:00:59]} 24. Rxd2 {[%clk 01:05:52]} {[%emt
00:00:25]} h5 {[%clk 00:28:26]} {[%emt 00:01:08]} 25. Qf3 {[%clk 01:05:45]}
{[%emt 00:00:37]} exf4 {[%clk 00:26:37]} {[%emt 00:02:19]} 26. gxf4 {[%clk
01:04:47]} {[%emt 00:01:28]} Bd6 {[%clk 00:21:15]} {[%emt 00:05:52]} 27. f5
{[%clk 00:57:22]} {[%emt 00:07:55]} Bf4 {[%clk 00:20:12]} {[%emt 00:01:33]} 28.
Bxf6 {[%clk 00:55:10]} {[%emt 00:02:42]} g5 {[%clk 00:17:06]} {[%emt 00:03:35]}
29. Rf2 {[%clk 00:53:04]} {[%emt 00:02:36]} Nd7 {[%clk 00:13:10]} {[%emt
00:04:26]} 30. Bxg5 {[%clk 00:52:08]} {[%emt 00:01:26]} Bxg5 {[%clk 00:13:23]}
{[%emt 00:00:16]} 31. Rg2 {[%clk 00:52:32]} {[%emt 00:00:06]} Qd8 {[%clk
00:11:41]} {[%emt 00:02:12]} 32. Qxh5 {[%clk 00:52:36]} {[%emt 00:00:26]} Qf6
{[%clk 00:10:25]} {[%emt 00:01:46]} 33. Rxg5 {[%clk 00:52:18]} {[%emt
00:00:48]} Kf8 {[%clk 00:10:43]} {[%emt 00:00:12]} 34. Qg4 {[%clk 00:51:51]}
{[%emt 00:00:57]} Ne5 {[%clk 00:10:48]} {[%emt 00:00:25]} 35. Rg8 {[%clk
00:50:57]} {[%emt 00:01:24]} Kf7 {[%clk 00:11:10]} {[%emt 00:00:07]} 36. Rxa8
{[%clk 00:51:00]} {[%emt 00:00:27]} Nxg4 {[%clk 00:11:01]} {[%emt 00:00:38]}
37. Ra7 {[%clk 00:51:17]} {[%emt 00:00:14]} Ke8 {[%clk 00:11:10]} {[%emt
00:00:21]} 38. Nxg4 {[%clk 00:51:40]} {[%emt 00:00:06]} Qd4 {[%clk 00:11:15]}
{[%emt 00:00:26]} 39. Nf2 {[%clk 00:51:36]} {[%emt 00:00:34]} Qa1 {[%clk
00:08:39]} {[%emt 00:03:05]} 40. Kg2 {[%clk 00:52:00]} {[%emt 00:00:07]} Qxa2
{[%clk 00:06:41]} {[%emt 00:02:29]} 41. h4 {[%clk 00:52:07]} {[%emt 00:00:23]}
Qxc2 {[%clk 00:01:46]} {[%emt 00:05:25]} 42. Rb7 {[%clk 00:50:30]} {[%emt
00:02:07]} c4 {[%clk 00:01:49]} {[%emt 00:00:27]} 43. bxc4 {[%clk 00:50:51]}
{[%emt 00:00:09]} Qxc4 {[%clk 00:02:07]} {[%emt 00:00:11]} 44. h5 {[%clk
00:50:59]} {[%emt 00:00:22]} a5 {[%clk 00:30:05]} {[%emt 00:02:33]} 45. h6
{[%clk 01:20:50]} {[%emt 00:00:39]} Qc1 {[%clk 00:29:42]} {[%emt 00:00:53]} 46.
h7 {[%clk 01:20:44]} {[%emt 00:00:36]} Qg5 {[%clk 00:30:05]} {[%emt 00:00:07]}
47. Kf3 {[%clk 01:20:28]} {[%emt 00:00:46]} Qh5 {[%clk 00:30:01]} {[%emt
00:00:32]} 48. Ng4 {[%clk 01:20:09]} {[%emt 00:00:51]} Qh3 {[%clk 00:30:15]}
{[%emt 00:00:16]} 49. Kf4 {[%clk 01:20:11]} {[%emt 00:00:28]} Qf1 {[%clk
00:30:29]} {[%emt 00:00:16]} 50. Kg5 {[%clk 01:20:15]} {[%emt 00:00:26]} Qc1
{[%clk 00:29:26]} {[%emt 00:01:32]} 51. Kg6 {[%clk 01:20:36]} {[%emt 00:00:09]}
Qa3 {[%clk 00:29:38]} {[%emt 00:00:19]} 52. h8=Q {[%clk 01:20:54]} {[%emt
00:00:12]} Qf8 {[%clk 00:29:58]} {[%emt 00:00:10]} 53. Nf6 {[%clk 01:21:17]}
{[%emt 00:00:07]} Kd8 {[%clk 00:30:20]} {[%emt 00:00:08]} 54. Qxf8# {[%clk
01:21:42]} {[%emt 00:00:05]} 1-0

[Event "DVM U12 2022"]
[Site "München GER"]
[Date "2022.12.27"]
[Round "1"]
[White "Burban, Victor"]
[Black "Greive, Jakob"]
[Result "1/2-1/2"]
[Termination "normal"]
[Board "1.3"]
[WhiteElo "1357"]
[BlackElo "1600"]
[WhiteClock "01:00:24"]
[BlackClock "00:22:55"]
[WhiteTeam "SchachAkademiePaderborn"]
[BlackTeam "TV Tegernsee"]
[PlyCount "64"]
[WhiteFideId "34609032"]
[BlackFideId "34603476"]
[EventCountry "GER"]
[EventRounds "7"]
[EventType "team-swiss"]
[EventDate "2022.12.26"]

1. e4 {[%clk 01:30:59]} e5 {[%clk 01:30:48]} {[%emt 00:00:12]} 2. Nf3 {[%clk
01:31:25]} {[%emt 00:00:04]} Nc6 {[%clk 01:31:05]} {[%emt 00:00:12]} 3. Nc3
{[%clk 01:31:46]} {[%emt 00:00:10]} Nf6 {[%clk 01:28:34]} {[%emt 00:03:01]} 4.
Bb5 {[%clk 01:32:06]} {[%emt 00:00:10]} d6 {[%clk 01:13:59]} {[%emt 00:15:05]}
5. d4 {[%clk 01:32:13]} {[%emt 00:00:23]} Bd7 {[%clk 01:11:35]} {[%emt
00:02:52]} 6. O-O {[%clk 01:30:16]} {[%emt 00:02:28]} exd4 {[%clk 01:07:25]}
{[%emt 00:04:40]} 7. Nxd4 {[%clk 01:29:56]} {[%emt 00:00:48]} Nxd4 {[%clk
01:06:47]} {[%emt 00:01:09]} 8. Bxd7 {[%clk 01:29:56]} {[%emt 00:00:29]} Qxd7
{[%clk 01:06:49]} {[%emt 00:00:28]} 9. Qxd4 {[%clk 01:30:05]} {[%emt 00:00:20]}
Be7 {[%clk 01:06:30]} {[%emt 00:00:49]} 10. b3 {[%clk 01:28:12]} {[%emt
00:02:22]} O-O {[%clk 01:04:42]} {[%emt 00:02:20]} 11. Bb2 {[%clk 01:27:16]}
{[%emt 00:01:26]} c5 {[%clk 00:56:51]} {[%emt 00:08:21]} 12. Qd3 {[%clk
01:25:25]} {[%emt 00:02:21]} Qg4 {[%clk 00:52:44]} {[%emt 00:04:37]} 13. Nd5
{[%clk 01:22:39]} {[%emt 00:03:17]} Nxd5 {[%clk 00:50:17]} {[%emt 00:02:55]}
14. Qxd5 {[%clk 01:22:28]} {[%emt 00:00:41]} b6 {[%clk 00:48:37]} {[%emt
00:02:11]} 15. Rfe1 {[%clk 01:20:36]} {[%emt 00:02:21]} Qg6 {[%clk 00:46:20]}
{[%emt 00:02:47]} 16. Re3 {[%clk 01:19:13]} {[%emt 00:01:53]} Qe6 {[%clk
00:43:38]} {[%emt 00:03:12]} 17. Rg3 {[%clk 01:16:17]} {[%emt 00:03:26]} Bf6
{[%clk 00:41:01]} {[%emt 00:03:07]} 18. Qxe6 {[%clk 01:14:16]} {[%emt
00:02:30]} fxe6 {[%clk 00:40:48]} {[%emt 00:00:44]} 19. Bxf6 {[%clk 01:14:24]}
{[%emt 00:00:22]} Rxf6 {[%clk 00:41:02]} {[%emt 00:00:16]} 20. Rd1 {[%clk
01:13:42]} {[%emt 00:01:09]} Rd8 {[%clk 00:40:36]} {[%emt 00:00:58]} 21. e5
{[%clk 01:12:57]} {[%emt 00:01:17]} Rf5 {[%clk 00:39:52]} {[%emt 00:01:13]} 22.
exd6 {[%clk 01:10:15]} {[%emt 00:03:11]} Re5 {[%clk 00:38:49]} {[%emt
00:01:32]} 23. Kf1 {[%clk 01:09:31]} {[%emt 00:01:16]} Rd5 {[%clk 00:36:57]}
{[%emt 00:02:22]} 24. Rgd3 {[%clk 01:08:51]} {[%emt 00:01:11]} R8xd6 {[%clk
00:36:43]} {[%emt 00:00:44]} 25. Rxd5 {[%clk 01:08:01]} {[%emt 00:01:19]} Rxd5
{[%clk 00:36:35]} {[%emt 00:00:37]} 26. Rxd5 {[%clk 01:07:00]} {[%emt
00:01:31]} exd5 {[%clk 00:36:54]} {[%emt 00:00:12]} 27. c3 {[%clk 01:06:40]}
{[%emt 00:00:50]} Kf7 {[%clk 00:35:29]} {[%emt 00:01:54]} 28. Ke2 {[%clk
01:06:01]} {[%emt 00:01:09]} Ke6 {[%clk 00:35:15]} {[%emt 00:00:45]} 29. Ke3
{[%clk 01:04:53]} {[%emt 00:01:39]} Ke5 {[%clk 00:33:12]} {[%emt 00:02:31]} 30.
g3 {[%clk 01:03:15]} {[%emt 00:02:09]} g6 {[%clk 00:29:15]} {[%emt 00:04:28]}
31. f3 {[%clk 01:01:57]} {[%emt 00:01:48]} Kf5 {[%clk 00:25:39]} {[%emt
00:04:05]} 32. h3 {[%clk 01:00:24]} {[%emt 00:02:04]} Ke5 {[%clk 00:22:55]}
{[%emt 00:03:11]} 1/2-1/2

[Event "DVM U12 2022"]
[Site "München GER"]
[Date "2022.12.27"]
[Round "1"]
[White "Franzky, Julian"]
[Black "Burban, Bogdan"]
[Result "0-1"]
[Termination "normal"]
[Board "1.4"]
[WhiteElo "1505"]
[BlackElo "1258"]
[WhiteClock "00:25:54"]
[BlackClock "01:20:51"]
[WhiteTeam "TV Tegernsee"]
[BlackTeam "SchachAkademiePaderborn"]
[PlyCount "60"]
[WhiteFideId "16291603"]
[BlackFideId "34609040"]
[EventCountry "GER"]
[EventRounds "7"]
[EventType "team-swiss"]
[EventDate "2022.12.26"]

1. e4 {[%clk 01:30:58]} e6 {[%clk 01:30:59]} {[%emt 00:00:02]} 2. Nf3 {[%clk
01:31:21]} {[%emt 00:00:06]} d5 {[%clk 01:31:18]} {[%emt 00:00:11]} 3. exd5
{[%clk 01:31:38]} {[%emt 00:00:14]} exd5 {[%clk 01:31:41]} {[%emt 00:00:07]} 4.
d4 {[%clk 01:31:46]} {[%emt 00:00:21]} Nf6 {[%clk 01:32:03]} {[%emt 00:00:08]}
5. Bd3 {[%clk 01:31:34]} {[%emt 00:00:42]} c5 {[%clk 01:32:18]} {[%emt
00:00:15]} 6. dxc5 {[%clk 01:29:49]} {[%emt 00:02:15]} Bxc5 {[%clk 01:32:40]}
{[%emt 00:00:09]} 7. O-O {[%clk 01:29:25]} {[%emt 00:00:52]} O-O {[%clk
01:32:57]} {[%emt 00:00:15]} 8. Nbd2 {[%clk 01:24:33]} {[%emt 00:05:21]} Nc6
{[%clk 01:32:24]} {[%emt 00:01:04]} 9. Nb3 {[%clk 01:23:36]} {[%emt 00:01:27]}
Bb6 {[%clk 01:32:23]} {[%emt 00:00:31]} 10. Bg5 {[%clk 01:19:23]} {[%emt
00:04:43]} h6 {[%clk 01:31:30]} {[%emt 00:01:23]} 11. Bh4 {[%clk 01:17:21]}
{[%emt 00:02:32]} Bg4 {[%clk 01:31:28]} {[%emt 00:00:31]} 12. Re1 {[%clk
01:13:44]} {[%emt 00:04:04]} Qd6 {[%clk 01:30:01]} {[%emt 00:01:59]} 13. Bg3
{[%clk 01:11:52]} {[%emt 00:02:22]} Qd7 {[%clk 01:28:54]} {[%emt 00:01:37]} 14.
Be5 {[%clk 01:05:07]} {[%emt 00:07:17]} Nxe5 {[%clk 01:26:59]} {[%emt
00:02:25]} 15. Nxe5 {[%clk 00:58:35]} {[%emt 00:07:02]} Bxd1 {[%clk 01:25:29]}
{[%emt 00:02:00]} 16. Nxd7 {[%clk 00:58:41]} {[%emt 00:00:25]} Nxd7 {[%clk
01:25:43]} {[%emt 00:00:16]} 17. Raxd1 {[%clk 00:58:50]} {[%emt 00:00:21]} Nf6
{[%clk 01:25:50]} {[%emt 00:00:23]} 18. c3 {[%clk 00:50:25]} {[%emt 00:08:56]}
Ng4 {[%clk 01:25:15]} {[%emt 00:01:03]} 19. Re2 {[%clk 00:48:15]} {[%emt
00:02:37]} Rfe8 {[%clk 01:25:10]} {[%emt 00:00:37]} 20. Rde1 {[%clk 00:44:47]}
{[%emt 00:03:54]} Bxf2 {[%clk 01:25:05]} {[%emt 00:00:40]} 21. Rxf2 {[%clk
00:42:05]} {[%emt 00:03:13]} Rxe1 {[%clk 01:25:17]} {[%emt 00:00:17]} 22. Rf1
{[%clk 00:42:11]} {[%emt 00:00:22]} Rae8 {[%clk 01:24:42]} {[%emt 00:01:07]}
23. Nd4 {[%clk 00:36:32]} {[%emt 00:06:09]} Rxf1 {[%clk 01:23:30]} {[%emt
00:01:42]} 24. Kxf1 {[%clk 00:31:12]} {[%emt 00:05:51]} Nxh2 {[%clk 01:23:27]}
{[%emt 00:00:33]} 25. Kf2 {[%clk 00:30:49]} {[%emt 00:00:46]} Ng4 {[%clk
01:23:42]} {[%emt 00:00:22]} 26. Kf1 {[%clk 00:28:55]} {[%emt 00:02:24]} Ne3
{[%clk 01:22:50]} {[%emt 00:01:23]} 27. Kg1 {[%clk 00:27:07]} {[%emt 00:02:18]}
Nd1 {[%clk 01:22:02]} {[%emt 00:01:17]} 28. Bb5 {[%clk 00:25:59]} {[%emt
00:01:39]} Re1 {[%clk 01:21:29]} {[%emt 00:01:02]} 29. Kh2 {[%clk 00:26:07]}
{[%emt 00:00:22]} Nxb2 {[%clk 01:21:18]} {[%emt 00:00:42]} 30. Nc2 {[%clk
00:25:54]} {[%emt 00:00:44]} Rc1 {[%clk 01:20:51]} {[%emt 00:00:56]} 0-1